000 00581nam a2200229Ia 4500
005 20251020182441.0
008 200515s9999 xx 000 0 und d
020 _a84-95301-31-8
082 _a528.77/S21
100 _aSantamaría Peña, Jacinto
100 _aSanz Méndez, Teófilo
245 0 _aApuntes de Fotogrametría
260 _aLogroño
260 _bUNIVERSIDAD DE LA RIOJA. Servicio de Publicaciones
260 _c2000
300 _a68 p.
300 _bil., tbl., graf.
500 _a1 ejemplar
650 _aFOTOGRAMETRIA
942 _cLIB
999 _c553
_d553